000 00479cam a22001691 4500
082 _a973.08
_bHEF
100 1 _aHeffner, Richard D.
_950728
245 1 2 _aA documentary history of the United States.
250 _aExpanded ed.
260 _a[New York]
_bNew American Library
_c[1956]
300 _a303 p.
_c19 cm.
490 0 _aThe American heritage.
500 _aA mentor book, MD78.
526 _a0
_b0
_c0
_d973_080000000000000_HEF
650 _aMCE
_9379
942 _2ddc
_cBK
999 _c553481
_d553481